Zachrániť prednosti RM-Systému

Bibliographic Details
Main Author: Fidrmuc, Jaroslav (Author)
Format: Article
Language:Slovak
ISSN:1335-4701
Subjects:

MARC

LEADER 00000nab a2200000 a 4500
001 vtls000766544
003 SK-MaSNL
005 20260302152951.0
008 140301c2001 xo 0 slo
015 |a SNBRB2001/09-25169 
035 |a CLN000118331 
040 |a SNKBUCL  |b slo  |c SNKBUCL  |e AACR2 
041 0 |a slo 
044 |a xo  |c SK 
080 |a 336.761(437.6)  |2 1997 
100 1 |a Fidrmuc, Jaroslav  |4 aut  |9 357624 
245 1 0 |a Zachrániť prednosti RM-Systému  |c Jaroslav Fidrmuc 
610 7 |a RM-Systém Slovakia (Bratislava, Slovensko)  |2 snkbucl  |9 290959 
655 7 |a články z novín a časopisov  |2 snkbucl  |9 267496 
773 0 |t Hospodárske noviny  |g Roč. 9, č. 152 (8.8.2001), s. 16  |x 1335-4701 
850 |a Slovenská národná knižnica v Martine 
852 |a SNK  |b KIS3GCP 
958 |a SK 
992 |a RBX 
999 |c 1364033  |d 1365963